[Event "Quebec-ch opB"]
[Site "Montreal"]
[Date "2010.07.25"]
[Round "3"]
[White "Larochelle, Martial"]
[Black "Ah Lan, Kenny"]
[Result "0-1"]
[WhiteElo "2208"]
[BlackElo "2094"]
[PlyCount "102"]
[EventDate "2010.07.24"]
[EventType "swiss"]
[EventRounds "9"]
[EventCountry "CAN"]
[SourceTitle "EXT 2013"]
[Source "ChessBase"]
[SourceDate "2012.11.22"]
[SourceVersion "1"]
[SourceVersionDate "2012.11.22"]
[SourceQuality "1"]

1. d4 d5 2. Nf3 Nf6 3. c4 c6 4. e3 e6 5. Nbd2 Nbd7 6. Bd3 b6 7. 0-0 Bb7 8. b3 Be7 9. Bb2 0-0 10. Qe2 Qc7 11. Rac1 Rad8 12. Ne5 c5 13. f4 Qb8 14. Rcd1 Qa8 15. Bb1 Ne4 16. Nxe4 dxe4 17. Nxd7 Rxd7 18. d5 f5 19. dxe6 Rxd1 20. Rxd1 Bc8 21. g4 Bxe6 22. gxf5 Bxf5 23. Rd5 Qc6 24. Qg2 Qg6 25. Qxg6 hxg6 26. Be5 Kf7 27. Bd6 Rd8 28. Be5 Rh8 29. Bb2 Bf6 30. Bxf6 gxf6 31. Rd1 Ke6 32. Bc2 Rh3 33. Re1 Kd6 34. Kg2 Rh8 35. Kg3 Kc6 36. h4 Rd8 37. Re2 b5 38. cxb5+ Kxb5 39. Rh2 Kb4 40. h5 gxh5 41. Rxh5 Rg8+ 42. Kf2 Bg4 43. Rd5 Bf3 44. a3+ Kc3 45. Rxc5+ Kd2 46. Rc4 f5 47. Rc5 Rg2+ 48. Kf1 Kxe3 49. Bd1 Ra2 50. Bxf3 Kxf3 51. Kg1 e3 0-1

[Event "Sherbrooke op"]
[Site "Sherbrooke"]
[Date "2010.05.30"]
[Round "4"]
[White "Sambuev, Bator"]
[Black "Ah Lan, Kenny"]
[Result "0-1"]
[WhiteElo "2556"]
[BlackElo "2008"]
[PlyCount "65"]
[EventDate "2010.05.28"]
[EventType "swiss"]
[EventRounds "5"]
[EventCountry "CAN"]
[SourceTitle "EXT 2022"]
[Source "ChessBase"]
[SourceDate "2021.10.06"]
[SourceVersion "1"]
[SourceVersionDate "2021.10.06"]
[SourceQuality "1"]

1. d4 Nf6 2. c4 g6 3. Nc3 Bg7 4. e4 0-0 5. Nf3 d6 6. Be2 e5 7. 0-0 Nc6 8. d5 Ne7 9. b4 a5 10. Ba3 axb4 11. Bxb4 b6 12. a4 Ne8 13. a5 c5 14. Ba3 Rxa5 15. Qb3 f5 16. Rfb1 fxe4 17. Nxe4 Bf5 18. Nfd2 Nc8 19. Bc1 Bh6 20. Bf3 Nf6 21. Rxa5 bxa5 22. Ra1 Nxe4 23. Bxe4 Qf6 24. f3 Ne7 25. Qd3 Ra8 26. Qb3 Bf4 27. Qb7 Rf8 28. Qb1 Be3+ 29. Kh1 Qh4 30. g3 Qh3 31. Qd3 Bf2 32. g4 Bd4 33. Ra3 0-1

[Event "Sherbrooke op"]
[Site "Sherbrooke"]
[Date "2010.05.29"]
[Round "3"]
[White "Ah Lan, Kenny"]
[Black "Masse, Hugues"]
[Result "1-0"]
[WhiteElo "2008"]
[BlackElo "2240"]
[PlyCount "103"]
[EventDate "2010.05.28"]
[EventType "swiss"]
[EventRounds "5"]
[EventCountry "CAN"]
[SourceTitle "EXT 2022"]
[Source "ChessBase"]
[SourceDate "2021.10.06"]
[SourceVersion "1"]
[SourceVersionDate "2021.10.06"]
[SourceQuality "1"]

1. d4 Nf6 2. c4 g6 3. Nc3 Bg7 4. e4 d6 5. Nf3 0-0 6. Be2 e5 7. 0-0 Nc6 8. d5 Ne7 9. b4 Nh5 10. Re1 f5 11. Nd2 Nf6 12. a4 fxe4 13. Ndxe4 Nf5 14. c5 Nd4 15. cxd6 cxd6 16. Be3 Nxe4 17. Nxe4 Nxe2+ 18. Qxe2 Bf5 19. Bg5 Qd7 20. Qb5 Rf7 21. Qxd7 Rxd7 22. Rac1 h6 23. Bd2 Kh7 24. f3 Rf8 25. b5 Bxe4 26. Rxe4 h5 27. Rec4 Rff7 28. a5 Bh6 29. Bxh6 Kxh6 30. b6 axb6 31. axb6 Kg7 32. Kf2 Kf6 33. Ke3 Rf8 34. Rc8 Rxc8 35. Rxc8 Rf7 36. Rc7 Re7 37. Ke4 Rf7 38. f4 exf4 39. Kxf4 Re7 40. Rxe7 Kxe7 41. Kg5 Kf7 42. h3 h4 43. Kxh4 Kf6 44. g4 Ke5 45. Kg5 Kxd5 46. h4 Ke6 47. Kxg6 d5 48. h5 d4 49. h6 d3 50. h7 d2 51. h8Q d1Q 52. Qe8+ 1-0

[Event "Sherbrooke op"]
[Site "Sherbrooke"]
[Date "2010.05.28"]
[Round "1"]
[White "Wan, Kevin"]
[Black "Ah Lan, Kenny"]
[Result "0-1"]
[WhiteElo "1362"]
[BlackElo "2008"]
[PlyCount "52"]
[EventDate "2010.05.28"]
[EventType "swiss"]
[EventRounds "5"]
[EventCountry "CAN"]
[SourceTitle "EXT 2022"]
[Source "ChessBase"]
[SourceDate "2021.10.06"]
[SourceVersion "1"]
[SourceVersionDate "2021.10.06"]
[SourceQuality "1"]

1. e4 c5 2. Nc3 Nc6 3. d3 d6 4. f4 g6 5. Nf3 Bg7 6. g3 Nf6 7. Bg2 0-0 8. 0-0 Rb8 9. a4 a6 10. Bd2 b5 11. axb5 axb5 12. Nh4 Bg4 13. Nf3 Nh5 14. Rb1 Qd7 15. Ne2 b4 16. c3 Rb7 17. d4 cxd4 18. cxd4 Nxd4 19. Nfxd4 Bxd4+ 20. Kh1 Ba7 21. e5 Qb5 22. Re1 dxe5 23. fxe5 Rd7 24. Rc1 Rfd8 25. Bc6 Qxc6+ 26. Rxc6 Bf3# 0-1